Pedagogický bibliografický spravodaj. Roč. 4, č. 3-4, 1977

Bibliographic Details
Format: Book
Language:Undetermined
Published: Bratislava SPK 1977

MARC

LEADER 00000nam a2200000 a 4500
001 vtls001318424
003 SK-MaSNL
005 20260224152416.0
008 210928s1977 xx 0 und
035 |a SNK000270974 
040 |a SNK  |b slo  |c SNK  |e AACR2 
245 1 |a Pedagogický bibliografický spravodaj. Roč. 4, č. 3-4, 1977 
260 |a Bratislava  |b SPK  |c 1977 
958 |a OND 
999 |c 1060331  |d 1062261 
952 |t P60, <06>, [BOOK], {606}  |a SNK  |b SNK  |y PREZ  |7 0  |p 17A0120306  |o snkČSD 931/4/2/1977  |0 0  |1 0  |4 0  |d 1998-01-29  |l 0  |r 2005-01-02 00:00:00  |w 2026-02-24